| 000 | 00626cam a2200217ua 4500 | ||
|---|---|---|---|
| 001 | 739 | ||
| 005 | 20260515113223.0 | ||
| 008 | 110419n ii |||gr||||Z||||||eng | ||
| 020 | _a81-7596-104-x | ||
| 020 | _a81-7596-105-8 | ||
| 040 | _cMAIN | ||
| 082 | _a320.5315 | ||
| 245 | 1 |
_aDemocracy against capitalism. : _bRenewing historical materialism. / _cBy Ellen Meiksins Wood. |
|
| 250 | _a1st. | ||
| 260 |
_aNew Delhi.: _bCambridge university press., _c2007. |
||
| 300 |
_axii, 300 p.: _c20 cm. |
||
| 653 | _aPolitical science. | ||
| 653 | _aDemocracy against capitalism. | ||
| 700 | 1 | _aWood, Ellen Meiksins., | |
| 942 | _cBK | ||
| 999 |
_c666 _d666 |
||